Loading...
| Auditory Arts | 4 | 12.50 | 100% | 25% | 0% |
| Beliefs | 5 | 10.00 | 100% | 0% | 0% |
| Current Events | 2 | 15.00 | 100% | 50% | 0% |
| Fine Arts - Other Arts | 2 | 10.00 | 50% | 50% | 0% |
| Geography | 1 | 0.00 | 0% | 0% | 0% |
| History - American | 4 | 15.00 | 100% | 25% | 25% |
| History - Ancient | 2 | 25.00 | 100% | 100% | 50% |
| History - European | 8 | 17.50 | 100% | 75% | 0% |
| History - Other | 2 | 15.00 | 100% | 50% | 0% |
| History - World | 3 | 16.67 | 100% | 0% | 67% |
| Literature - American | 4 | 10.00 | 100% | 0% | 0% |
| Literature - British | 6 | 13.33 | 100% | 33% | 0% |
| Literature - European | 4 | 12.50 | 100% | 25% | 0% |
| Literature - World | 5 | 12.00 | 100% | 20% | 0% |
| Other Academic | 1 | 0.00 | 0% | 0% | 0% |
| Philosophy | 5 | 16.00 | 80% | 80% | 0% |
| Science - Biology | 4 | 15.00 | 100% | 50% | 0% |
| Science - Chemistry | 4 | 12.50 | 100% | 25% | 0% |
| Science - Other | 5 | 20.00 | 100% | 60% | 40% |
| Science - Physics | 5 | 22.00 | 100% | 60% | 60% |
| Social Science | 4 | 15.00 | 75% | 50% | 25% |
| Visual Arts | 4 | 12.50 | 100% | 25% | 0% |